00301nam a2200121Ia 4500008004100000100003500041245003400076260002300110300001000133650001200143942000700155999001700162190216s9999||||xx |||||||||||||| ||und|| aSubrahmanyanan. N And Brijlal 0aNumerical Problems In Physics bS Chand & Coc1985 a479 p aPhysics cBK c33046d33046